Amerykańskie (USA) Stany, Stolice i Największe Miasta Stanów na Mapie - Statystyki

Ogólne statystyki
  • Ten quiz został rozwiązany 150 razy
    142 od ostatniego zresetowania
  • Średni wynik to 77 z 133
Odpowiedzi na mapie
Odpowiedzi zakodowano w zielono-czerwonej skali na mapie do tego quizu, zgodnie z poniższymi procentami.
 
Statystyki odpowiedzi
Stan % Poprawnych
Kalifornia
96%
Waszyngton
96%
Oregon
94%
Floryda
92%
Seattle
92%
Alaska
91%
Los Angeles
91%
Nowy Jork
91%
Nowy Meksyk
91%
Teksas
91%
Arizona
89%
Nevada
89%
Waszyngton D.C.
89%
Kentucky
87%
Las Vegas
87%
Montana
87%
Hawaje
85%
Idaho
85%
Karolina Północna
85%
Karolina Południowa
85%
Luizjana
85%
Ohio
85%
Alabama
83%
Chicago
83%
Dakota Północna
83%
Georgia
83%
Illinois
83%
Kansas
83%
Kolorado
83%
Missisipi
83%
Oklahoma
83%
Utah
83%
Dakota Południowa
81%
Phoenix
81%
Houston
79%
Indiana
79%
Minnesota
79%
Wirginia
79%
Arkansas
77%
Honolulu
77%
Maine
77%
Michigan
77%
New Jersey
77%
Pensylwania
77%
Wirginia Zachodnia
77%
Atlanta
75%
Boston
75%
Delaware
75%
Iowa
75%
Missouri
75%
Nebraska
75%
Tennessee
75%
Wyoming
75%
New Hampshire
74%
Rhode Island
74%
Wisconsin
74%
Austin
72%
Connecticut
72%
Denver
72%
Nowy Orlean
72%
Sacramento
72%
Maryland
70%
Massachusetts
70%
Indianapolis
68%
Oklahoma City
68%
Vermont
68%
Jackson
66%
Filadelfia
64%
Salt Lake City
62%
Detroit
60%
Minneapolis
58%
Kansas City
57%
Columbus
55%
Jacksonville
55%
Nashville
55%
Portland
53%
Charlotte
47%
Albuquerque
45%
Milwaukee
45%
Santa Fe
43%
Anchorage
42%
Boise
40%
Salem
40%
Tallahassee
40%
Albany
38%
Charleston
38%
Juneau
38%
Baltimore
36%
Bismarck
36%
Lincoln
36%
Richmond
36%
Topeka
36%
Montgomery
34%
Olympia
34%
Providence
34%
Baton Rouge
32%
Carson City
32%
Cheyenne
32%
Des Moines
32%
Dover
32%
Little Rock
32%
Raleigh
32%
Springfield
32%
Columbia
30%
Helena
30%
Virginia Beach
30%
Louisville
28%
Saint Paul
28%
Augusta
26%
Concord
26%
Frankfort
26%
Harrisburg
26%
Hartford
26%
Madison
26%
Newark
26%
Pierre
26%
Annapolis
25%
Jefferson City
25%
Montpelier
25%
Trenton
25%
Lansing
23%
Manchester
23%
Omaha
21%
Billings
17%
Sioux Falls
15%
Wichita
15%
Fargo
13%
Huntsville
13%
Bridgeport
9%
Burlington
8%
Wilmington
6%
Nie znaleziono quizów pasujących do podanych kryteriów
Rozkład punktacji
Procent ludzi z każdym wynikiem
Percentyl według liczby udzielonych odpowiedzi
Twoja historia wyników
Nie rozwiązałeś tego quizu od ostatniego zresetowania